[Event "NATO-ch 23nd"]
[Site "Brest"]
[Date "2012.10.02"]
[Round "2.1"]
[White "Drabke, Lorenz Maximilian"]
[Black "Kedzierski, Slawomir"]
[Result "1-0"]
[WhiteElo "2411"]
[BlackElo "2086"]
[PlyCount "133"]
[EventDate "2012.10.01"]
[EventType "swiss"]
[EventRounds "7"]
[EventCountry "FRA"]

1. e4 c6 2. d3 d5 3. Nd2 e5 4. Ngf3 Bd6 5. d4 exd4 6. exd5 cxd5 7. Nxd4 Ne7 8.
Bd3 O-O 9. Qh5 g6 10. Qh6 Re8 11. O-O Be5 12. N2f3 Bg7 13. Qh4 Nec6 14. Bg5 f6
15. Bh6 Nxd4 16. Nxd4 Nc6 17. Bxg7 Kxg7 18. Rfe1 Bd7 19. c3 Qb6 20. Nb3 a5 21.
Qf4 Ne5 22. Bf1 a4 23. Qd4 Qxd4 24. Nxd4 Nc4 25. Bxc4 dxc4 26. a3 Rxe1+ 27.
Rxe1 Kf7 28. f3 Ra5 29. Kf2 Rh5 30. h3 Rc5 31. Re4 h5 32. h4 Rc8 33. Ke3 Rc7
34. Kf4 Rc5 35. Re2 Ra5 36. Re4 Rc5 37. Re2 Ra5 38. Re3 Rc5 39. Kg3 Rd5 40. Re4
Rc5 41. Re1 Rd5 42. Kf4 Rc5 43. g4 hxg4 44. fxg4 g5+ 45. Kg3 gxh4+ 46. Kxh4 Rg5
47. Re4 Rc5 48. Kg3 Bc8 49. Nf3 Be6 50. Re1 Bc8 51. Kf4 Rb5 52. Re2 Bd7 53. Rh2
Kg7 54. Rd2 Bc8 55. Rd8 Rc5 56. Nd2 Be6 57. Ne4 Rb5 58. Rd6 Kf7 59. Rd2 Ke7 60.
Rh2 Rb6 61. Rh7+ Bf7 62. g5 fxg5+ 63. Nxg5 Rf6+ 64. Ke5 Rf2 65. Rxf7+ Rxf7 66.
Nxf7 Kxf7 67. Kd6 1-0

[Event "NATO-ch 23nd"]
[Site "Brest"]
[Date "2012.10.02"]
[Round "2.14"]
[White "Bieluszewski, Piotr"]
[Black "Maes, Patrick"]
[Result "1-0"]
[WhiteElo "2107"]
[BlackElo "2042"]
[PlyCount "61"]
[EventDate "2012.10.01"]
[EventType "swiss"]
[EventRounds "7"]
[EventCountry "FRA"]

1. e4 g6 2. d4 Bg7 3. Nc3 d6 4. Nf3 a6 5. a4 b6 6. Be2 Bb7 7. O-O Nd7 8. Re1 e6
9. Bf1 Ne7 10. Rb1 O-O 11. b4 c5 12. bxc5 dxc5 13. Be3 Qc7 14. Rb3 Rfd8 15. Qb1
cxd4 16. Bxd4 Bxd4 17. Nxd4 Rac8 18. Re3 Nc5 19. Rb4 Rd6 20. Ndb5 axb5 21. Nxb5
Qd7 22. Nxd6 Qxd6 23. Rxb6 Bc6 24. Qb4 Qe5 25. f4 Qxf4 26. Qxc5 Bb5 27. Rf3
Qxf3 28. Qxc8+ Nxc8 29. gxf3 Bxf1 30. Rc6 Ne7 31. Rc7 1-0

[Event "NATO-ch 23nd"]
[Site "Brest"]
[Date "2012.10.02"]
[Round "2.20"]
[White "Kocur, Marc"]
[Black "Karbowiak, Adam"]
[Result "0-1"]
[WhiteElo "1891"]
[BlackElo "2154"]
[PlyCount "100"]
[EventDate "2012.10.01"]
[EventType "swiss"]
[EventRounds "7"]
[EventCountry "FRA"]

1. c4 Nf6 2. g3 g6 3. Bg2 Bg7 4. Nc3 O-O 5. d3 d6 6. e3 c5 7. Nge2 Nc6 8. O-O
Bf5 9. e4 Bd7 10. h3 a6 11. f4 Rb8 12. a4 Qc7 13. g4 Nd4 14. Nxd4 cxd4 15. Ne2
b5 16. axb5 axb5 17. b3 Bc6 18. Qc2 Nxe4 19. cxb5 Rxb5 20. Ra7 Qxa7 21. Qxc6
Nc3 22. Ng3 Rxb3 23. f5 Rb1 24. fxg6 hxg6 25. Qf3 Qa1 26. Bg5 Rxf1+ 27. Qxf1
Qxf1+ 28. Kxf1 Be5 29. Bxe7 Bxg3 30. Bxf8 Kxf8 31. Bc6 Ke7 32. Kg2 Be1 33. Kf3
Ke6 34. g5 Nd5 35. Ba4 Bd2 36. h4 Nf4 37. Bb5 Be3 38. Ba6 Kf5 39. Bb7 d5 40.
Ba6 Ne6 41. Bc8 Ke5 42. Ba6 Nc5 43. Bb5 Ke6 44. Kg4 Nd7 45. Ba4 Ne5+ 46. Kg3
Kd6 47. Bb5 Kc5 48. Be8 Kb4 49. h5 Bxg5 50. hxg6 fxg6 0-1

[Event "NATO-ch 23nd"]
[Site "Brest"]
[Date "2012.10.02"]
[Round "2.27"]
[White "Ross, David C"]
[Black "Berrak, Sedat"]
[Result "0-1"]
[WhiteElo "1810"]
[BlackElo "2040"]
[PlyCount "104"]
[EventDate "2012.10.01"]
[EventRounds "7"]
[EventCountry "FRA"]

1. e4 c5 2. Nc3 Nc6 3. g3 g6 4. Bg2 Bg7 5. d3 d6 6. Be3 Nf6 7. h3 Bd7 8. Qd2 h6
9. f4 Qb8 10. Nce2 e5 11. g4 Qc7 12. c3 h5 13. f5 hxg4 14. fxg6 fxg6 15. Ng3
O-O-O 16. h4 Nh5 17. N1e2 Be6 18. O-O Rdf8 19. b4 Qe7 20. Rxf8+ Rxf8 21. Bg5
Bf6 22. Rf1 Bxg5 23. Rxf8+ Qxf8 24. Qxg5 Qf6 25. bxc5 Qxg5 26. hxg5 dxc5 27. a3
Nf4 28. Nc1 b5 29. Bf1 Kc7 30. Kf2 a5 31. Ke3 b4 32. cxb4 cxb4 33. axb4 axb4
34. Nce2 b3 35. d4 exd4+ 36. Nxd4 Nxd4 37. Kxf4 Kd6 38. Bd3 Nf3 39. Ne2 Kc5 40.
Ke3 b2 41. Bb1 Kb4 42. Nd4 Nxd4 43. Kxd4 g3 44. Ke3 Kc3 45. Kf3 Bc4 46. e5 Bd3
47. Ba2 b1=Q 48. Bxb1 Bxb1 49. Kxg3 Bf5 50. Kf4 Kd4 51. e6 Bxe6 52. Kf3 Ke5 0-1

[Event "NATO-ch 23nd"]
[Site "Brest"]
[Date "2012.10.02"]
[Round "2.28"]
[White "Nielsen, Henrik"]
[Black "Dilek, Cihan"]
[Result "0-1"]
[WhiteElo "2037"]
[BlackElo "1867"]
[PlyCount "88"]
[EventDate "2012.10.01"]
[EventType "swiss"]
[EventRounds "7"]
[EventCountry "FRA"]

1. d4 Nf6 2. Nf3 e6 3. Bf4 c5 4. e3 Be7 5. h3 b6 6. Nbd2 Bb7 7. Bd3 d5 8. c3
O-O 9. Ne5 Nbd7 10. Qf3 a5 11. h4 Nxe5 12. dxe5 Nd7 13. Qh5 f5 14. exf6 Nxf6
15. Qe5 Qc8 16. f3 c4 17. Bc2 Qd7 18. O-O-O b5 19. g4 Ne8 20. Ne4 Ra6 21. Qh5
Nf6 22. Nxf6+ Rxf6 23. Bxh7+ Kf8 24. Bg6 Rxg6 25. Qxg6 e5 26. Qh7 exf4 27. g5
fxe3 28. Rd4 Bd6 29. h5 Qf7 30. h6 Be5 31. Rdh4 gxh6 32. Qxf7+ Kxf7 33. Rxh6
Rg6 34. Rh7+ Bg7 35. f4 d4 36. Rf1 e2 37. Rg1 Kg8 38. Rh3 d3 39. Kd2 b4 40. f5
bxc3+ 41. bxc3 Rb6 42. f6 Bf8 43. Rhg3 Rb2+ 44. Kc1 d2+ 0-1

[Event "NATO-ch 23nd"]
[Site "Brest"]
[Date "2012.10.02"]
[Round "2.29"]
[White "Giedraitis, Mingaudas"]
[Black "Aagaard, Gert"]
[Result "0-1"]
[WhiteElo "1800"]
[BlackElo "2030"]
[PlyCount "84"]
[EventDate "2012.10.01"]
[EventType "swiss"]
[EventRounds "7"]
[EventCountry "FRA"]

1. e4 d6 2. d4 Nf6 3. Bd3 Nbd7 4. Ne2 e5 5. O-O c6 6. c3 Qc7 7. Bg5 h6 8. Bh4
Be7 9. Nd2 Nf8 10. Nc4 g5 11. Bg3 Ng6 12. f3 Nh5 13. Bc2 Nhf4 14. Bf2 b6 15.
Ne3 Ba6 16. c4 Nxe2+ 17. Qxe2 Nf4 18. Qd2 exd4 19. Nf5 c5 20. b3 Bf6 21. Bd3
Bc8 22. Rfe1 Be5 23. g3 Ne6 24. Kg2 Bd7 25. Rab1 a5 26. a3 Bc6 27. Qc2 Ng7 28.
Nxg7+ Bxg7 29. g4 Be5 30. a4 h5 31. h3 hxg4 32. fxg4 O-O-O 33. Qe2 Rh6 34. Rh1
Qe7 35. Rbf1 Re8 36. Re1 Bf4 37. Qc2 Re6 38. Kf3 Qf6 39. Re2 Be3+ 40. Kg2 Rxe4
41. Rhe1 Rxg4+ 42. Kf1 Bg2+ 0-1